Normal view
MARC view
Entry Topical Term
001 - CONTROL NUMBER
- control field: 19857
003 - CONTROL NUMBER IDENTIFIER
- control field: ARRUPE
005 - DATE AND TIME OF LATEST TRANSACTION
- control field: 20150914092922.0
008 - FIXED-LENGTH DATA ELEMENTS
- fixed length control field: 150914|| aca||aabn | a|a d
040 ## - CATALOGING SOURCE
- Original cataloging agency: ARRUPE
- Transcribing agency: ARRUPE
150 ## - HEADING--TOPICAL TERM
- Topical term or geographic name as entry element: Physics
- General subdivision: Philosophy.
670 ## - SOURCE DATA FOUND
- Source citation: Work cat.: (ARRUPE)0: Duhem, Pierre Maurice Marie, 1861-1916. 19855, To save the phenomena, an essay on the idea of physical theory from Plato to Galileo., 1985